Gaming Quiz

Random Gaming or Console Quiz

Breaking Video Game News! Quiz Stats

 Plays Quiz Updated Apr 6, 2018

Score 0/15 Timer 05:00
2 Plays Today
Hint Answer % Correct
Super Mario Bros.
96.9%
Angry Birds
95.6%
Donkey Kong
92.1%
Tomb Raider
88.2%
Mortal Kombat
83.2%
Duck Hunt
82%
Space Invaders
81.5%
Crash Bandicoot
80.2%
Hint Answer % Correct
Oregon Trail
70%
Doom
63.4%
God of War
61.8%
Resident Evil 2
58.6%
Paperboy
49.7%
Rampage
45.5%
Golden Axe
19.2%

You're not logged in!

Compare scores with friends on all Sporcle quizzes.
OR
Log In

Sporcle TV

Today on Sporcle TV


Watch our educational content, quiz creation guides, and fun videos on Sporcle TV.

Show Comments

Extras

Top Quizzes Today


Score Distribution

Your Account Isn't Verified!

In order to create a playlist on Sporcle, you need to verify the email address you used during registration. Go to your Sporcle Settings to finish the process.

Report this User

Report this user for behavior that violates our Community Guidelines.

Details: